000
00335nam a22001457a 4500
999
_c
54899
_d
54899
008
190925b ||||| |||| 00| 0 eng d
020
_a
9780073380452
041
_a
eng
080
_a
621.38
_b
621.38
082
_a
621.38
100
_a
28
101
_a
SHKI
245
_a
Microelectronic Circuit Design
_c
Jaeger,R.C
942
_2
udc
_c
BK